| 000 | 01142nam a22002537a 4500 | ||
|---|---|---|---|
| 005 | 20170124103101.0 | ||
| 010 | _aB-081957 | ||
| 020 | _c00.00 | ||
| 035 | _aB-081957 | ||
| 037 | _bCen Lib/Ret | ||
| 040 |
_aDPL _bHN |
||
| 082 |
_a920 _bताराद |
||
| 100 |
_aतारादत्त _976798 |
||
| 245 |
_aआज़ादी के जनक : _cतारादत्त _bराजस्थान के स्वाधीनता सेनानी / |
||
| 246 |
_aAzadi ke janak : Rajasthan ke swadheenta senani / _bby Taradutt |
||
| 260 |
_aजयपुर _bयूनिवर्सिटी बुक हाउस _c2000 |
||
| 270 |
_bजयपुर _a79, चौड़ा रास्ता _e302 003 |
||
| 300 |
_a192पृ. _c21सेमी(सजिल्द) |
||
| 650 |
_aहिन्दी -- साहित्य _976799 |
||
| 650 |
_aहिन्दी -- राजस्थान के स्वाधीनता सेनानी _976800 |
||
| 650 |
_aHindi literature _976801 |
||
| 650 |
_aHindi - Rajasthan's freedom fighter _976802 |
||
| 942 |
_2ddc _cHN _h920 _mताराद |
||
| 999 |
_c117785 _d117785 |
||